000 00577nam a2200241Ia 4500
003 OSt
005 20220912151547.0
006 a|||||r|||| 00| 0
007 ta
008 220909b |||||||| |||| 00| 0 eng d
024 _a45950
037 _cTextual
040 _aCSL
_beng
_cCSL
041 _aeng
082 _aH19:864, M0
100 _aNassau K
245 0 _aGems made by man
260 _aRandor
_bChilton Book
_c1980
300 _a364p.
_ccm.
650 _aGeology
942 _hH19:864, M0
_cTEXL
_2CC
999 _c71362
_d71362